000 00208 a2200097 4500
001 30768
100 _aHowe, M
245 _aOne Woman's Morocco
260 _aLondon
_bArthur Barker
_c
090 _c20700
_d20700
942 _aNUST-CAE
_cM
_c11893
999 _c265841
_d265841